00871nam a2200193 i 450000100060000000300090000600500170001500700030003200800410003510000340007624502070011026000400031730000390035765000380039670000840043485200220051899900170054095201200055744778ES-MaACL20231227175039.0t|030324s1946 sp f |||| | spa d1 aClaret Rubira, José.93901310aMuebles de estilo inglés y su influencia en el exterior b: desde los Tudor hasta la reina Victoria, con los grupos Colonial y Menorquín / cJosé Claret Rubira ; prólogo del marqués de Lozoya. aBarcelona : bGustavo Gili, c1946. aVII, 479 p., 418 lám. ; c31 cm. 4aMuebles-zGran Bretaña.91704831 aLozoya, Juan de Contreras y López de Ayala,cMarqués de,d1893-19789129112 aES-MaACLjB-10676 c44778d44778 00104070aATENEOMbATENEOMcSPBd2008-01-17eSCl0oB-10676p1047126r2023-02-23 00:00:00w2023-02-23yMONOGRAFIA